000
00287nam a22001457a 4500
003
SGT
082
_a
BAW
100
_a
BAWA H.S
245
_a
WORKSHOP PRACTICE
250
_a
2ED
260
_b
M C GRAW HILL
_c
2015
300
_a
250
650
_a
PHYSICAL SCIENCE
942
_2
ddc
_c
BK
999
_c
15287
_d
15287